| 000 | 00487nam a2200133 a 4500 | ||
|---|---|---|---|
| 008 | 120416s1968 ||||||||||||||||| || u | ||
| 050 | _aTK 7868.D5 Wic | ||
| 100 | _aWickes, William E | ||
| 245 | 1 | 0 | _aLogic design with integrated circuits |
| 260 |
_aNew York _bJohn Wiley and Sons _c1968 |
||
| 300 | _axiii, 249p. : ill | ||
| 350 | _a0.00 | ||
| 995 |
_D0.00 _FCBU-MAIN LIBRARY (Kitwe) _H1 _I5.95 _UDAMAGED _ZMain Library Open Access Collection |
||
| 999 |
_c49470 _d49470 |
||